000 00294nam a2200109Ia 4500
008 220216s9999 xx 000 0 und d
100 _aKothandaraman R
245 0 _aDecomposition of raw natural rubber by soil bacteria
260 _bRubber Board Bulletin
_c1981-82
300 _a19
942 _cJS
999 _c56748
_d56748